Cities With Airports That Reach Every Continent - Statistics

General Stats
  • This quiz has been taken 17 times
  • The average score is 6 of 8
Answer Stats
City % Correct
London
100%
New York
100%
Paris
94%
Los Angeles
88%
Dubai
82%
Doha
65%
Rome
59%
Johannesburg
35%
No matching quizzes found
Score Distribution
Percent of People with Each Score
Percentile by Number Answered
Your Score History
You have not taken this quiz